000 00941nam0a22002771 4500
001 rc\3615736
005 20130115143926.4
021 _aRU
_b[73-89467]
035 _a(NLR Aleph) 007818760
090 _a7736761
_c7736761
100 _a20130115d1973 |||y0rusy50 ca
101 0 _arus
102 _aRU
105 _aa z |||||
200 1 _aУдлинение укороченной конечности
210 _aБаку
_cАзернешр
_d1973
215 _a128 с.
_cил.
_d20
300 _aПеред загл. авт.: К.К. Магерамов, д-р мед. наук, проф.
320 _aСписок лит.: с. 124-127
606 _aКонечности
_xХирургия восстановительная
_2psbo
700 1 _aМагерамов
_bК. К. оглы
_gКямал Кафар оглы
801 0 _aRU
_bNLR
_gpsbo
801 1 _aRU
_bELAR
_2rusmarc
852 _aNLR
_j73-3/8615
942 _cBOOK
980 _aNB